<?xml version="1.0" encoding="UTF-8"?><?xml-stylesheet type="text/xsl" href="static/style.xsl"?><OAI-PMH xmlns="http://www.openarchives.org/OAI/2.0/" xmlns:xsi="http://www.w3.org/2001/XMLSchema-instance" xsi:schemaLocation="http://www.openarchives.org/OAI/2.0/ http://www.openarchives.org/OAI/2.0/OAI-PMH.xsd"><responseDate>2026-04-18T00:06:05Z</responseDate><request verb="GetRecord" identifier="oai:www.recercat.cat:20.500.12327/2482" metadataPrefix="marc">https://recercat.cat/oai/request</request><GetRecord><record><header><identifier>oai:recercat.cat:20.500.12327/2482</identifier><datestamp>2025-10-22T11:04:44Z</datestamp><setSpec>com_2072_4428</setSpec><setSpec>com_2072_4427</setSpec><setSpec>col_2072_487898</setSpec></header><metadata><record xmlns="http://www.loc.gov/MARC21/slim" xmlns:dcterms="http://purl.org/dc/terms/" xmlns:xsi="http://www.w3.org/2001/XMLSchema-instance" xmlns:doc="http://www.lyncode.com/xoai" xsi:schemaLocation="http://www.loc.gov/MARC21/slim http://www.loc.gov/standards/marcxml/schema/MARC21slim.xsd">
   <leader>00925njm 22002777a 4500</leader>
   <datafield ind2=" " ind1=" " tag="042">
      <subfield code="a">dc</subfield>
   </datafield>
   <datafield ind2=" " ind1=" " tag="720">
      <subfield code="a">Rovira, Albert</subfield>
      <subfield code="e">author</subfield>
   </datafield>
   <datafield ind2=" " ind1=" " tag="720">
      <subfield code="a">Alcaraz, Carles</subfield>
      <subfield code="e">author</subfield>
   </datafield>
   <datafield ind2=" " ind1=" " tag="720">
      <subfield code="a">Ibáñez, Carles</subfield>
      <subfield code="e">author</subfield>
   </datafield>
   <datafield ind2=" " ind1=" " tag="260">
      <subfield code="c">2012-07</subfield>
   </datafield>
   <datafield ind2=" " ind1=" " tag="520">
      <subfield code="a">Suspended load dynamics were analyzed for the period 2007e2009 in a semi-meandering&#xd;
cross-section under different hydrological conditions. Samples were collected at four&#xd;
different points of the cross-section. During “low discharges” ( 600 m3/s) suspended load&#xd;
samples were collected at-a-monthly basis, whereas at “high discharges” (>600 m3/s)&#xd;
sampling was conducted intensively (at-a-daily basis during the first stages of the flood&#xd;
event). Results indicated that during low discharges, both organic and inorganic suspended&#xd;
load concentrations tended to be uniformly distributed across the fluvial section; but&#xd;
during high discharges, two distinct areas were found: an area extending from the “Innerbank” to the “Channel centre” (Area-I) with higher suspended concentrations (organic and&#xd;
inorganic) than those recorded in the “Outer bank” (Area-II). This phenomenon was likely&#xd;
related to the formation of secondary flow velocity cells and the activation of new sources&#xd;
of sediment. In addition, a non-significant relationship between organic suspended load&#xd;
and water flow was observed in the outer-bank. At-a-monthly basis, the analysis of the&#xd;
suspended load showed the existence of an intra-annual cycle of the inorganic concentrations, with a progressive increase from October to March followed by a decrease from&#xd;
March to September. Nevertheless, the organic suspended load did not show any trend,&#xd;
being equally distributed along the year, suggesting that other sources of organic matter&#xd;
besides phytoplankton are predominant.</subfield>
   </datafield>
   <datafield ind1="8" ind2=" " tag="024">
      <subfield code="a">Rovira, Albert, Carles Alcaraz, and Carles Ibáñez. “Spatial and Temporal Dynamics of Suspended Load At-a-Cross-Section: The Lowermost Ebro River (Catalonia, Spain). 2012.” Water Research. 46 (11): 3671-3681. doi:10.1016/j.watres.2012.04.014.</subfield>
   </datafield>
   <datafield ind1="8" ind2=" " tag="024">
      <subfield code="a">0043-1354</subfield>
   </datafield>
   <datafield ind1="8" ind2=" " tag="024">
      <subfield code="a">http://hdl.handle.net/20.500.12327/2482</subfield>
   </datafield>
   <datafield ind1="8" ind2=" " tag="024">
      <subfield code="a">https://doi.org/10.1016/j.watres.2012.04.014</subfield>
   </datafield>
   <datafield ind2="0" ind1="0" tag="245">
      <subfield code="a">Spatial and temporal dynamics of suspended load at-a-cross-section: The lowermost Ebro River (Catalonia, Spain)</subfield>
   </datafield>
</record></metadata></record></GetRecord></OAI-PMH>